000 00592nam a2200169Ia 4500
008 131103s9999 xx 000 0 und d
040 _aLoreto College
041 _aEnglish
082 _a891.443/SAR
_bLCLIB/BnSem/19842
100 _aSarkar, Sudhirchandra
245 _aPouranik abhibhan
_b bed, uponishad, sanhita, mahabharat, ramayan, astadosh puran, upopuran itadi hotey sangrihita bibidha biboron
_cSudhirchandra Sarkar
260 _aCalcutta
_bM. C. Sarkar & Sons
_c1959
300 _a479p
_c 18cm
650 _aBengali Dictionary
651 _aMythological Dictionary
942 _cBK
999 _c20019
_d70498